Modulo educacional sobre la conservación y manejo de los recursos naturales /
Guardado en:
| Autor Principal: | |
|---|---|
| Formato: | Libro |
| Publicado: |
Chile :
Unesco-pnuma,
1986
|
| Series: | Educaci¢n Ambiental, 3
|
| Materias: | |
| Etiquetas: |
Agregar Etiqueta
Sin Etiquetas, Sea el primero en etiquetar este registro!
|
| LEADER | 00650nam a22002175a 4500 | ||
|---|---|---|---|
| 001 | CEM.cems006375 | ||
| 005 | 20060214000000.0 | ||
| 008 | 130507s1986##################000#0#####d | ||
| 003 | CEMS | ||
| 082 | 0 | 4 | |a 333.72 |
| 100 | 1 | |a Unesco | |
| 245 | 1 | 0 | |a Modulo educacional sobre la conservación y manejo de los recursos naturales / |
| 260 | |a Chile : |b Unesco-pnuma, |c 1986 | ||
| 300 | |a 113 p. | ||
| 490 | 0 | |a Educaci¢n Ambiental, 3 | |
| 653 | |a Ecologia | ||
| 653 | |a Educacion ambiental | ||
| 653 | |a Medio ambiente | ||
| 653 | |a Recursos naturales | ||
| 653 | |a Recursos naturales-conservacio | ||
| 859 | |a CEMS |b BIB. CEMS - 11 de abril |h 333.72 |i Un1 |p 15211.88 |t Ej.1 | ||
